000 01436nam a22001817a 4500
008 150202b xxu||||| |||| 00| 0 eng d
020 _a 0789562901
050 _aHF5548.4.M525 S485
100 _a Gary, Shelly B.
245 _aMicrosoft Office XP: Advanced concepts and techniques, Word 2002, Excel 2002, Access 2002, Powerpoint 2002. /
_c Shelly B. Gary
260 _aU.S.A:
_bThomson Course Technology,
_c2002.
300 _axxiii,+ various pagings.:
_bill.;
_c25cm.
500 _aIncludes references and appendix.
505 _aContents: Creating a document with a table, chart and watermark -- Generating form letters, mailing labels, envelopes and directories -- Creating a professional newsletter -- Merging from letters to E-mail address using an outlook contacts lists -- Financial functions, data tables, amortization schedules and hyperlinks -- Creating, sorting and querying a worksheet database -- Creating templates and working with multiple worksheets and workbooks -- Linking an excel worksheet to a word document and web discussions -- Reports, forms and combo boxes -- Enhancing forms with OLE fields, hyperlinks and subforms --Creating an application system using macros, wizards and the switchboard manager -- Sharing data among applications -- Using visuals to enhance a slide show -- Microsoft office XP help system.
700 _aCashman, Thomas J.
700 _aVermaat, Misty E.
942 _2lcc
_cBK
999 _c5333
_d12833